[Event "Detroit (MOR/7/62)"]
[Site "?"]
[Date "1992.??.??"]
[Round "?"]
[White "Imai, Toshio"]
[Black "Nicolli, Randy"]
[Result "1-0"]
[WhiteElo "1700"]
[BlackElo "1605"]
[PlyCount "57"]
[EventDate "1992.??.??"]

{7/(62)} 1. e4 e5 2. Bc4 Nf6 3. d4 Nc6 4. Nf3 exd4 5. O-O Bc5 6. e5 Ng4 7.
Bxf7+ Kxf7 8. Ng5+ Kg8 9. Qxg4 Nxe5 10. Qg3 d6 11. Ne4 Bb6 12. c3 Bf5 13. Bg5
Qf8 14. Nbd2 Re8 15. Rae1 Re6 16. Qh4 a6 17. Be3 dxe3 18. fxe3 Bxe3+ 19. Rxe3
g6 20. Ng3 g5 21. Qb4 Nc6 22. Qb3 Na5 23. Qd5 c6 24. Rxf5 cxd5 25. Rxf8+ Kxf8
26. Rxe6 Nc4 27. Nxc4 dxc4 28. Rxd6 Ke7 29. Nf5+ 1-0

[Event "Detroit (MOR/5/64)"]
[Site "?"]
[Date "1992.??.??"]
[Round "?"]
[White "Imai, Toshio"]
[Black "Herron, J."]
[Result "1-0"]
[WhiteElo "1700"]
[BlackElo "1605"]
[PlyCount "61"]
[EventDate "1992.??.??"]

{5/(64)} 1. e4 d6 2. d4 Nf6 3. Nc3 g6 4. f4 Bg7 5. Nf3 O-O 6. e5 dxe5 7. fxe5
Nd5 8. Bc4 Nxc3 9. bxc3 Bg4 10. O-O Qd7 11. Rb1 b6 12. h3 Be6 13. d5 Bf5 14.
Qe2 Qa4 15. Nd4 Qe8 16. Nxf5 gxf5 17. Rxf5 e6 18. Rg5 exd5 19. Bxd5 c6 20. Be4
Qe6 21. Bf5 Qd5 22. c4 Qd4+ 23. Be3 Qd8 24. Qh5 Re8 25. Qxh7+ Kf8 26. Qxg7+ Ke7
27. Qf6+ Kf8 28. Qh6+ Ke7 29. Rg7 Qc7 30. Bg5+ Kf8 31. Qh8# 1-0

[Event "East Lansing (MI Am/1)"]
[Site "?"]
[Date "1992.??.??"]
[Round "?"]
[White "Imai, Toshio"]
[Black "Aydar, A."]
[Result "1-0"]
[WhiteElo "1715"]
[BlackElo "1605"]
[PlyCount "43"]
[EventDate "1992.??.??"]

1. e4 e5 2. Bc4 c6 3. Qf3 Nf6 4. Nc3 b5 5. Bb3 a5 6. a3 Bc5 7. Nh3 Bb7 8. Qg3
Qe7 9. d3 Nh5 10. Qg4 g6 11. Bg5 f6 12. Be3 Bxe3 13. fxe3 Qc5 14. Ke2 Na6 15.
d4 Qe7 16. d5 Bc8 17. Rhf1 d6 18. Qf3 Rf8 19. dxc6 Ng7 20. Nd5 Qd8 21. Nxf6+
Ke7 22. Ng8+ 1-0

[Event "Detroit (MI Op/7/38)"]
[Site "?"]
[Date "1992.??.??"]
[Round "?"]
[White "Householder, James"]
[Black "Thurman, John"]
[Result "1/2-1/2"]
[WhiteElo "1605"]
[BlackElo "1755"]
[PlyCount "44"]
[EventDate "1992.??.??"]

{7/(38)} 1. e4 e5 2. Nf3 Nc6 3. Bc4 Bc5 4. c3 Nf6 5. Ng5 d5 6. exd5 Nxd5 7. d4
Be7 8. Qf3 Bxg5 9. Bxd5 O-O 10. Bxg5 Qxg5 11. O-O Bd7 12. Qe3 Qxe3 13. fxe3
exd4 14. exd4 Rae8 15. Bf3 Re7 16. Nd2 Rfe8 17. Kf2 Bf5 18. Rfe1 Nd8 19. Rxe7
Rxe7 20. Re1 Kf8 21. Rxe7 Kxe7 22. a3 c6 1/2-1/2

[Event "Detroit (MI Op/2/31)"]
[Site "?"]
[Date "1992.??.??"]
[Round "?"]
[White "Householder, James"]
[Black "Ghiata, Gheorghe"]
[Result "0-1"]
[WhiteElo "1605"]
[BlackElo "1970"]
[PlyCount "102"]
[EventDate "1992.??.??"]

{2/(31)} 1. e4 d6 2. d4 Nf6 3. Nc3 g6 4. f4 Bg7 5. Nf3 O-O 6. e5 dxe5 7. dxe5
Qxd1+ 8. Kxd1 Ng4 9. Ke1 Rd8 10. h3 Nh6 11. Bc4 c6 12. Kf2 b5 13. Bb3 a5 14. a4
b4 15. Ne4 Bf5 16. Nc5 Bf8 17. Be3 Nd7 18. Rad1 Nxc5 19. Bxc5 Be4 20. Ng5 Bd5
21. Bxd5 Rxd5 22. Rxd5 cxd5 23. Bb6 Ra6 24. Bd8 e6 25. Nf3 Nf5 26. g4 Bc5+ 27.
Kg2 Ne3+ 28. Kh2 Nxc2 29. Rc1 b3 30. Ne1 Be3 31. Nd3 Bxc1 32. Nxc1 Ra8 33. Bb6
Ra6 34. Bd8 Nd4 35. Nd3 Rc6 36. Kg3 Rc4 37. Bxa5 Rxa4 38. Bd2 Rc4 39. Nc1 Rxc1
40. Bxc1 Ne2+ 41. Kf2 Nxc1 42. Ke3 h5 43. Kd2 hxg4 44. hxg4 Na2 45. Kd3 Kf8 46.
Kd2 Ke8 47. Kd3 Kd7 48. Kd4 Kc6 49. Ke3 Kc5 50. Kd3 Nb4+ 51. Kc3 d4+ 0-1

[Event "East Lansing (MI Am/5)"]
[Site "?"]
[Date "1992.??.??"]
[Round "?"]
[White "Horton, Deon"]
[Black "Long, Randy"]
[Result "1-0"]
[WhiteElo "1610"]
[BlackElo "1825"]
[PlyCount "51"]
[EventDate "1992.??.??"]

1. e4 c5 2. Nf3 Nc6 3. d4 cxd4 4. Nxd4 g6 5. Be3 Bg7 6. Qd2 a6 7. Nc3 d6 8. g3
Ne5 9. h3 h5 10. f4 Nc6 11. Bg2 e6 12. O-O Nge7 13. Nce2 Qc7 14. c3 b6 15. Nf3
Bb7 16. Ng5 Rd8 17. Nd4 e5 18. Nde6 fxe6 19. Nxe6 Qd7 20. Nxg7+ Kf7 21. fxe5+
Kxg7 22. Bg5 Rhg8 23. Bh6+ Kh8 24. Rf7 Nxe5 25. Bg7+ Rxg7 26. Qh6+ 1-0

[Event "East Lansing (MI Am/1)"]
[Site "?"]
[Date "1992.??.??"]
[Round "?"]
[White "Horton, Deon"]
[Black "Curtis, E."]
[Result "1-0"]
[WhiteElo "1610"]
[BlackElo "1605"]
[PlyCount "89"]
[EventDate "1992.??.??"]

1. e4 Nf6 2. e5 Nd5 3. Nf3 e6 4. g3 Be7 5. Bg2 O-O 6. O-O b6 7. d3 Bb7 8. a3 d6
9. c4 dxe5 10. cxd5 exd5 11. Nxe5 Bf6 12. d4 Nd7 13. Nxd7 Qxd7 14. Nc3 Rfe8 15.
Bf4 Re7 16. Be5 Bxe5 17. dxe5 Rxe5 18. f4 Re7 19. Nxd5 Bxd5 20. Qxd5 Qxd5 21.
Bxd5 Rd8 22. Rfe1 Rxe1+ 23. Rxe1 g6 24. Bc6 a5 25. Kf2 h5 26. Re8+ Rxe8 27.
Bxe8 c5 28. Bb5 Kg7 29. Kf3 f5 30. h3 Kf6 31. g4 hxg4+ 32. hxg4 g5 33. gxf5
Kxf5 34. Bd3+ Kf6 35. fxg5+ Kxg5 36. Ke4 Kf6 37. Kd5 Ke7 38. Kc6 Ke6 39. Kxb6
Kd5 40. b3 Kd4 41. Bc4 a4 42. Bf7 axb3 43. Bxb3 c4 44. Bxc4 Kxc4 45. a4 1-0

[Event "Detroit (MOR/1a/60)"]
[Site "?"]
[Date "1992.??.??"]
[Round "?"]
[White "Holmes, H."]
[Black "MacLean, C."]
[Result "0-1"]
[WhiteElo "1605"]
[BlackElo "1605"]
[PlyCount "54"]
[EventDate "1992.??.??"]

1. Nf3 Nc6 2. g3 e5 3. d3 Bc5 4. e3 d6 5. Bg2 Bg4 6. h3 Bh5 7. O-O Nf6 8. c3
Qd7 9. Qa4 Bxf3 10. Bxf3 Qxh3 11. Bg2 Qg4 12. d4 exd4 13. cxd4 Bb6 14. Nd2 O-O
15. Nf3 Rfe8 16. Nh2 Qd7 17. Rd1 Re7 18. b3 Rae8 19. Bb2 Ne4 20. d5 Nxf2 21.
Kxf2 Bxe3+ 22. Kf1 Qf5+ 23. Nf3 Ne5 24. Bxe5 Rxe5 25. Ke2 Bd4+ 26. Nxe5 Qxe5+
27. Kf1 Qe2# 0-1

[Event "Detroit (MOR/3/94)"]
[Site "?"]
[Date "1992.??.??"]
[Round "?"]
[White "Holmes, H."]
[Black "Brown, W."]
[Result "1-0"]
[WhiteElo "1605"]
[BlackElo "1605"]
[PlyCount "119"]
[EventDate "1992.??.??"]

{3/(94)} 1. e4 e5 2. Nf3 Nc6 3. Bc4 Be7 4. O-O a6 5. c3 d6 6. d4 Bd7 7. Qb3 Na5
8. Bxf7+ Kf8 9. Qa3 c6 10. b4 Kxf7 11. bxa5 exd4 12. Qb3+ Be6 13. Qxb7 dxc3 14.
Ng5+ Kf6 15. Nxe6 Kxe6 16. Qxc6 Nf6 17. f4 Qxa5 18. Nxc3 Rhc8 19. f5+ Kf7 20.
Qb7 Qxc3 21. Bf4 Qc5+ 22. Kh1 Ng4 23. Qb3+ Kf8 24. Qf3 Ne5 25. Qh5 Kg8 26. Rab1
Nd3 27. Bg3 Qd4 28. Rb7 Ra7 29. Rb3 Qxe4 30. Rd1 Nf4 31. Bxf4 Qxf4 32. Rf3 Qd2
33. Rh3 Qg5 34. Qxh7+ Kf7 35. Rg3 Qf6 36. Rg6 Qd4 37. Qh5 Qh4 38. Qe2 Rac7 39.
Qb2 Bf6 40. Qb3+ Qc4 41. Qf3 d5 42. h3 Rd7 43. Qh5 Qh4 44. Rxf6+ Kxf6 45. Qxh4+
Kf7 46. Qh7 Rc6 47. g4 Rh6 48. Qxh6 gxh6 49. Kg2 d4 50. Kf3 Kf6 51. Kf4 Rd5 52.
h4 Ra5 53. Rd2 Ra3 54. Rxd4 Rxa2 55. Rd6+ Kg7 56. f6+ Kg6 57. h5+ Kf7 58. Kf5
Re2 59. Rd7+ Ke8 60. Ra7 1-0

[Event "Detroit (MOR/5/111)"]
[Site "?"]
[Date "1992.??.??"]
[Round "?"]
[White "Holland, K."]
[Black "Zuniga, Jesus"]
[Result "1-0"]
[WhiteElo "1605"]
[BlackElo "1605"]
[PlyCount "97"]
[EventDate "1992.??.??"]

{5/(111)} 1. e4 e6 2. d4 d5 3. Nc3 c5 4. Nf3 Nc6 5. Bb5 Bd7 6. b3 Qf6 7. Bg5
Qg6 8. Bd3 cxd4 9. exd5 dxc3 10. Bxg6 fxg6 11. dxc6 Bxc6 12. O-O h6 13. Ne5 Bd5
14. Bh4 g5 15. Bg3 O-O-O 16. Qe2 Re8 17. Nc4 Nf6 18. Bd6 Ne4 19. Bxf8 Rhxf8 20.
Qd3 Rf6 21. f3 b5 22. fxe4 bxc4 23. Qxc3 Bxe4 24. Rxf6 gxf6 25. Qxf6 Bxc2 26.
bxc4 e5 27. Qxh6 e4 28. Qxg5 e3 29. Qg4+ Kd8 30. Re1 Re4 31. Qg5+ Kd7 32. Rxe3
Rxc4 33. Qe7+ Kc6 34. Qe6+ Kc5 35. Qe7+ Kb5 36. Qxa7 Rd4 37. g3 Kc4 38. Qc7+
Kb4 39. Qxc2 Rc4 40. Qb3+ Kc5 41. h4 Rc1+ 42. Kh2 Rf1 43. Qc3+ Kd5 44. Qd3+ Kc5
45. Qxf1 Kd4 46. Qd3+ Kc5 47. Qe4 Kb5 48. Rc3 Kb6 49. Qb4+ 1-0

[Event "Detroit (MOR/2/115)"]
[Site "?"]
[Date "1992.??.??"]
[Round "?"]
[White "Holland, K."]
[Black "Waugh, D."]
[Result "0-1"]
[WhiteElo "1605"]
[BlackElo "1605"]
[PlyCount "84"]
[EventDate "1992.??.??"]

{2/(115)} 1. e4 e5 2. Nf3 Nc6 3. Bc4 Nf6 4. Nc3 h6 5. d4 exd4 6. Nxd4 Nxd4 7.
Qxd4 b6 8. Bf4 c5 9. Qe3 Be7 10. Nb5 d6 11. e5 Ng4 12. Qf3 dxe5 13. Bg3 f5 14.
Rd1 Bd7 15. Rd6 a6 16. Qxa8 axb5 17. Qxd8+ Kxd8 18. Rxb6 bxc4 19. Rb8+ Bc8 20.
O-O f4 21. f3 Kc7 22. Ra8 Ne3 23. Ra7+ Bb7 24. Rc1 fxg3 25. hxg3 Ra8 26. Rxa8
Bxa8 27. Kf2 Bg5 28. f4 exf4 29. gxf4 Bxf4 30. g3 Ng4+ 31. Ke2 Bxc1 32. b3 cxb3
33. cxb3 Ba3 34. Kd3 Kd6 35. Kc4 Ke5 36. Kb5 Ke4 37. Ka4 Bb4 38. a3 Bxa3 39.
Kxa3 Ne5 40. Ka4 Kf3 41. Kb5 Nd3 42. Kc4 Be4 0-1

[Event "Detroit (MOR/1a/59)"]
[Site "?"]
[Date "1992.??.??"]
[Round "?"]
[White "Holland, K."]
[Black "Serwatowski, Felix"]
[Result "0-1"]
[WhiteElo "1605"]
[BlackElo "1605"]
[PlyCount "50"]
[EventDate "1992.??.??"]

1. e4 e5 2. Nf3 Nc6 3. Bb5 Nf6 4. Nc3 Be7 5. d4 a6 6. Bc4 b5 7. Bb3 d6 8. Ng5
O-O 9. d5 Nd4 10. Be3 Nxb3 11. axb3 Ng4 12. O-O Bxg5 13. h3 Nxe3 14. fxe3 Bxe3+
15. Kh1 Qh4 16. Qf3 Bf4 17. Ne2 Bg5 18. Ng1 f5 19. exf5 Bxf5 20. g4 Bg6 21. Qc3
Be4+ 22. Nf3 Qxh3+ 23. Kg1 Qg3+ 24. Kh1 Rxf3 25. Rxf3 Bxf3+ 0-1

[Event "Detroit (MOR/2/71)"]
[Site "?"]
[Date "1992.??.??"]
[Round "?"]
[White "Holland, J."]
[Black "Taylor, E."]
[Result "0-1"]
[WhiteElo "1660"]
[BlackElo "1605"]
[PlyCount "78"]
[EventDate "1992.??.??"]

{2/(71)} 1. b3 d5 2. e3 e5 3. Bb2 Bd6 4. c4 Nf6 5. d4 e4 6. cxd5 Nxd5 7. Bc4 c6
8. Ne2 b5 9. Bxd5 cxd5 10. Nbc3 Bb4 11. O-O a6 12. Nf4 Bb7 13. Qh5 O-O 14.
Ncxd5 Bd6 15. Qf5 Nd7 16. Qxe4 Bxf4 17. exf4 Kh8 18. Ba3 Nf6 19. Qf5 Qxd5 20.
Qxd5 Nxd5 21. Bxf8 Rxf8 22. g3 h6 23. Rac1 Rc8 24. Rxc8+ Bxc8 25. Rc1 Bb7 26.
Re1 b4 27. Re8+ Kh7 28. Rb8 Bc6 29. Kf1 Kg6 30. Ke2 Kf6 31. Kd3 Bb5+ 32. Rxb5
axb5 33. f3 Ke6 34. h3 f5 35. h4 h5 36. Kc2 Ne7 37. Kb2 Kd5 38. a4 bxa3+ 39.
Kxa3 Nc6 0-1

[Event "Detroit (MOR/6/63)"]
[Site "?"]
[Date "1992.??.??"]
[Round "?"]
[White "Holland, J."]
[Black "Smalec, John"]
[Result "1-0"]
[WhiteElo "1660"]
[BlackElo "1790"]
[PlyCount "72"]
[EventDate "1992.??.??"]

{6/(63)} 1. b3 d5 2. e3 e5 3. Bb2 Nc6 4. Bb5 Bd6 5. Ne2 Nf6 6. O-O O-O 7. f4
exf4 8. Nxf4 Ne5 9. h3 c6 10. Be2 Ne4 11. Bf3 Ng3 12. Rf2 Qg5 13. Nc3 f5 14.
Nce2 Ne4 15. Bxe4 fxe4 16. d3 Bf5 17. Nd4 Rae8 18. Nxf5 Qxf5 19. Bxe5 Bxe5 20.
d4 Bd6 21. Qd2 Qg5 22. Kh2 Qh4 23. g3 Qh6 24. Raf1 Qg5 25. Qe2 Rf6 26. h4 Rh6
27. Kg2 Rxh4 28. Rg1 Rg4 29. Kh3 h5 30. c4 Qh6 31. cxd5 cxd5 32. Qb5 Re7 33.
Qxd5+ Kh8 34. Qxh5 Qxh5+ 35. Nxh5 Rg5 36. Nf4 Rf7 1-0

[Event "Detroit (MOR/4/73)"]
[Site "?"]
[Date "1992.??.??"]
[Round "?"]
[White "Holland, J."]
[Black "Motley, Gerald"]
[Result "1-0"]
[WhiteElo "1660"]
[BlackElo "1605"]
[PlyCount "101"]
[EventDate "1992.??.??"]

{4/(73)} 1. b3 d5 2. e3 Bf5 3. Nf3 e6 4. c4 Nf6 5. Nc3 c6 6. Nh4 Bg4 7. Be2
Bxe2 8. Qxe2 Ne4 9. Nxe4 dxe4 10. g3 Nd7 11. d4 exd3 12. Qxd3 Bb4+ 13. Bd2
Bxd2+ 14. Qxd2 Ne5 15. Qxd8+ Rxd8 16. Ke2 Ke7 17. Rhd1 h6 18. Nf3 Nxf3 19. Kxf3
Kf6 20. Rd4 c5 21. Rdd1 g5 22. Ke2 Kf5 23. h3 Ke5 24. f3 Rhg8 25. Rxd8 Rxd8 26.
Rd1 Rxd1 27. Kxd1 f5 28. g4 Kf6 29. Kd2 f4 30. exf4 gxf4 31. h4 a6 32. Kd3 Ke5
33. a3 b5 34. cxb5 axb5 35. h5 Kf6 36. Ke4 Kg5 37. a4 c4 38. axb5 cxb3 39. Kd3
e5 40. b6 b2 41. Kc2 e4 42. b7 b1=Q+ 43. Kxb1 exf3 44. b8=Q Kxg4 45. Qg8+ Kh3
46. Qg1 Kh4 47. Qf2+ Kxh5 48. Qxf3+ Kg5 49. Kc2 h5 50. Kd3 Kh4 51. Ke4 1-0

[Event "Flint (Class C/5)"]
[Site "?"]
[Date "1992.??.??"]
[Round "?"]
[White "Hill, M."]
[Black "Walker, LeRoy"]
[Result "1-0"]
[WhiteElo "1605"]
[BlackElo "1605"]
[PlyCount "65"]
[EventDate "1992.??.??"]

1. c4 c6 2. Nc3 Nf6 3. g3 d5 4. cxd5 Nxd5 5. Bg2 Nxc3 6. bxc3 e5 7. e4 Bc5 8.
Ne2 Qf6 9. d4 exd4 10. cxd4 Bb4+ 11. Bd2 Bxd2+ 12. Qxd2 O-O 13. Nc3 Na6 14. O-O
Rd8 15. d5 Nc7 16. f4 cxd5 17. exd5 Bf5 18. Rad1 Rd6 19. Rfe1 h6 20. Be4 Rad8
21. Qd3 Rc6 22. Rc1 Nxd5 23. Nxd5 Rxd5 24. Qxd5 Bxe4 25. Qxe4 Rxc1 26. Rxc1
Qb6+ 27. Kh1 g6 28. Rc8+ Kh7 29. Qe8 Qb1+ 30. Kg2 Qb2+ 31. Kh3 Qg7 32. Qf8 Qxf8
33. Rxf8 1-0

[Event "Flint (Class C/2)"]
[Site "?"]
[Date "1992.??.??"]
[Round "?"]
[White "Hill, M."]
[Black "Gregg, Ted"]
[Result "1-0"]
[WhiteElo "1605"]
[BlackElo "1605"]
[PlyCount "49"]
[EventDate "1992.??.??"]

1. c4 f5 2. Nc3 Nf6 3. d4 e6 4. a3 b6 5. Nf3 Bb7 6. Bg5 Bxf3 7. exf3 Be7 8. Bd3
O-O 9. O-O c6 10. Re1 h6 11. Bh4 g5 12. Qd2 Nh7 13. Bg3 f4 14. Qc2 Rf7 15. d5
fxg3 16. hxg3 exd5 17. cxd5 Nf6 18. dxc6 Nxc6 19. Bc4 d5 20. Rad1 Kh8 21. Nxd5
Nxd5 22. Bxd5 Rf6 23. Bxc6 Qf8 24. Bxa8 Qxa8 25. Rxe7 1-0

[Event "Flint (Class C/3)"]
[Site "?"]
[Date "1992.??.??"]
[Round "?"]
[White "Hill, M."]
[Black "Anderson, D."]
[Result "1-0"]
[WhiteElo "1605"]
[BlackElo "1605"]
[PlyCount "67"]
[EventDate "1992.??.??"]

1. c4 Nf6 2. Nc3 g6 3. Nf3 Bg7 4. d4 O-O 5. Bg5 h6 6. Bh4 d6 7. h3 Nbd7 8. e3
Re8 9. Bd3 e5 10. O-O g5 11. dxe5 dxe5 12. Bxg5 hxg5 13. Nxg5 Nc5 14. Bc2 Qxd1
15. Rfxd1 c6 16. b4 Ne6 17. Nge4 Nxe4 18. Nxe4 Kf8 19. Rab1 b6 20. Rb3 Ke7 21.
Rbd3 Rd8 22. Nd6 a6 23. Nf5+ Kf6 24. Rxd8 Nxd8 25. Rxd8 Bxf5 26. Rxa8 Bxc2 27.
Rxa6 Bd3 28. Rxb6 Bxc4 29. Rxc6+ Be6 30. a4 Kf5 31. a5 Bf8 32. a6 Bxb4 33. a7
Bd5 34. a8=Q 1-0

[Event "Detroit (MI Action/3)"]
[Site "?"]
[Date "1992.??.??"]
[Round "?"]
[White "Hill, Brent"]
[Black "Skidmore, Jennifer"]
[Result "0-1"]
[WhiteElo "1605"]
[BlackElo "1900"]
[PlyCount "54"]
[EventDate "1992.??.??"]

1. d4 d5 2. c4 e6 3. Nc3 c6 4. e4 Bb4 5. Bd3 Nf6 6. f3 dxe4 7. Bxe4 Nxe4 8.
fxe4 Qh4+ 9. Kf1 Bxc3 10. bxc3 Qxe4 11. Nf3 Nd7 12. Kf2 Nf6 13. h3 Qf5 14. g4
Qa5 15. Bb2 b5 16. Ne5 Bb7 17. Qf3 Qc7 18. Rhe1 c5 19. d5 Rd8 20. Rad1 O-O 21.
g5 Ne8 22. Nc6 Bxc6 23. dxc6 Qh2+ 24. Qg2 Qf4+ 25. Qf3 Rd2+ 26. Rxd2 Qxd2+ 27.
Re2 Qxg5 0-1

[Event "Detroit (MI Action/2)"]
[Site "?"]
[Date "1992.??.??"]
[Round "?"]
[White "Hill, Brent"]
[Black "Ruderman, M."]
[Result "1-0"]
[WhiteElo "1605"]
[BlackElo "1605"]
[PlyCount "58"]
[EventDate "1992.??.??"]

1. d4 d5 2. c4 dxc4 3. e4 Nf6 4. Nc3 Nc6 5. Nf3 Bg4 6. d5 Ne5 7. Be2 Nxf3+ 8.
gxf3 Bh5 9. Bxc4 e6 10. e5 Nxd5 11. Nxd5 exd5 12. Bxd5 Bb4+ 13. Ke2 f6 14. Bxb7
Qxd1+ 15. Rxd1 Rd8 16. Bc6+ Ke7 17. Bf4 Rhf8 18. exf6+ Rxf6 19. Bg5 Bxf3+ 20.
Bxf3 Rxd1 21. Rxd1 Bd6 22. Bxf6+ Kxf6 23. h4 g5 24. hxg5+ Kxg5 25. Rh1 h6 26.
Ke3 Bc5+ 27. Ke2 a5 28. Rg1+ Kf5 29. Rd1 Bd6 1-0

[Event "Detroit (MI Action/5)"]
[Site "?"]
[Date "1992.??.??"]
[Round "?"]
[White "Hill, Brent"]
[Black "DeVoll, J."]
[Result "1-0"]
[WhiteElo "1605"]
[BlackElo "1605"]
[PlyCount "65"]
[EventDate "1992.??.??"]

1. d4 d5 2. c4 c6 3. Nc3 Bf5 4. Nf3 Nd7 5. cxd5 cxd5 6. Nxd5 e6 7. Nc3 Ngf6 8.
Bg5 Be7 9. e3 Rc8 10. Nb5 a6 11. Nc3 O-O 12. Bxf6 Bxf6 13. e4 Bg4 14. Be2 Bxf3
15. Bxf3 e5 16. d5 Nb6 17. O-O Nc4 18. Rb1 Bg5 19. Re1 Qb6 20. Re2 f5 21. exf5
Qh6 22. Qd3 Nd2 23. Rd1 Nxf3+ 24. Qxf3 g6 25. Rxe5 gxf5 26. Rxf5 Rxf5 27. Qxf5
Rf8 28. Qe6+ Qxe6 29. dxe6 Be7 30. Nd5 Re8 31. Nxe7+ Rxe7 32. Re1 Kg7 33. f4
1-0

[Event "Detroit (MOR/6/65)"]
[Site "?"]
[Date "1992.??.??"]
[Round "?"]
[White "Herron, J."]
[Black "Wysocki, Marc"]
[Result "1-0"]
[WhiteElo "1605"]
[BlackElo "1750"]
[PlyCount "55"]
[EventDate "1992.??.??"]

{6/(65)} 1. Nf3 f5 2. g3 g6 3. Bg2 Bg7 4. d3 d6 5. Nc3 c6 6. Bd2 e5 7. e4 Nf6
8. Qe2 O-O 9. h4 fxe4 10. Nxe4 Nxe4 11. dxe4 Bg4 12. Qc4+ d5 13. exd5 cxd5 14.
Qxg4 Qb6 15. O-O e4 16. Ng5 Rf5 17. Qe2 Nc6 18. Be3 Qxb2 19. Rab1 Qxa2 20. Rxb7
Nd4 21. Rxg7+ Kxg7 22. Bxd4+ Kg8 23. Bh3 Qa4 24. c3 Raf8 25. Bxf5 Rxf5 26. Qb2
Qe8 27. Qb7 Qf8 28. Qxh7# 1-0

[Event "Detroit (MOR/4/71)"]
[Site "?"]
[Date "1992.??.??"]
[Round "?"]
[White "Herron, J."]
[Black "Jointer, William"]
[Result "1-0"]
[WhiteElo "1605"]
[BlackElo "1700"]
[PlyCount "153"]
[EventDate "1992.??.??"]

{4/(71)} 1. Nf3 c5 2. g3 Nf6 3. Bg2 d5 4. d3 g6 5. O-O Bg7 6. Nbd2 O-O 7. e4
dxe4 8. dxe4 Nc6 9. c3 Qc7 10. Qc2 Bg4 11. h3 Be6 12. Ng5 Bd7 13. Nc4 b5 14.
Ne3 h6 15. Nf3 Be6 16. Re1 Rad8 17. Bd2 Rd6 18. e5 Nxe5 19. Nxe5 Rxd2 20. Qxd2
Rd8 21. Qe2 Qxe5 22. Qxb5 Rb8 23. Qe2 Qc7 24. Nc4 Qc8 25. Kh2 Qc7 26. Ne5 Rb6
27. Red1 Qxe5 28. Qxe5 Ng4+ 29. hxg4 Bxe5 30. f4 Bf6 31. Rd2 Bxg4 32. Rf1 Be6
33. a3 Bc4 34. Rff2 Be6 35. Bd5 Bf5 36. Kg2 Rd6 37. Kf3 h5 38. Be4 Bg4+ 39. Ke3
Re6 40. Kd3 g5 41. Bd5 Rd6 42. Kc4 e6 43. Bg2 Rb6 44. Kxc5 h4 45. gxh4 gxf4 46.
Rxf4 Be7+ 47. Kc4 f5 48. Rfd4 Bxh4 49. Rd7 Bg5 50. Rc2 a6 51. b4 Bh5 52. Kb3 a5
53. Bf1 Kf8 54. Rh2 Bf7 55. Ra7 e5+ 56. Bc4 a4+ 57. Kxa4 Bxc4 58. Rh8+ Bg8 59.
Ra8+ Ke7 60. Raxg8 Bf6 61. Rh7+ Kd6 62. c4 Ra6+ 63. Kb3 e4 64. Rg6 Ke5 65. Rhh6
Rd6 66. Kc2 e3 67. Rxf6 Rxf6 68. Rxf6 Kxf6 69. Kd3 f4 70. a4 Ke6 71. b5 Kd6 72.
a5 Kc7 73. c5 Kb7 74. b6 Kb8 75. c6 Kc8 76. a6 Kb8 77. b7 1-0

[Event "Detroit (MOR/2/66)"]
[Site "?"]
[Date "1992.??.??"]
[Round "?"]
[White "Herron, J."]
[Black "Falkowski, Kenneth"]
[Result "0-1"]
[WhiteElo "1605"]
[BlackElo "1700"]
[PlyCount "108"]
[EventDate "1992.??.??"]

{2/(66)} 1. Nf3 d5 2. g3 Nf6 3. Bg2 g6 4. d3 c6 5. O-O Bg7 6. Nbd2 O-O 7. e4
dxe4 8. dxe4 Bg4 9. c3 Qc8 10. Qb3 Be6 11. Qb4 Na6 12. Qxe7 Rd8 13. Qa3 b5 14.
c4 b4 15. Qe3 Bh3 16. Rb1 Bxg2 17. Kxg2 Ng4 18. Qe2 Nc5 19. h3 Nf6 20. Ne1 Qe6
21. f3 Rd7 22. Qe3 Qe5 23. f4 Qd4 24. Qxd4 Rxd4 25. e5 Ne8 26. b3 Rad8 27. Nef3
Rd3 28. Re1 Nc7 29. Kf2 Bf8 30. Re3 R3d7 31. Re2 N7e6 32. Ne4 Nxe4+ 33. Rxe4
Rd1 34. Re1 Nc5 35. Rxd1 Rxd1 36. Ke2 Rh1 37. h4 Ne4 38. Kd3 Nxg3 39. Kc2 Bc5
40. Bd2 Rh3 41. Kd3 Nf5 42. Ke2 Nxh4 43. Nxh4 Rxh4 44. Kf3 Rh2 45. Rd1 Bd4 46.
Bxb4 c5 47. Bd2 h5 48. Be3 Rh3+ 49. Kg2 Rxe3 50. Rf1 Re2+ 51. Kh3 Rxa2 52. f5
Bxe5 53. fxg6 fxg6 54. Kh4 Kg7 0-1

[Event "Detroit (MI Op/5/31)"]
[Site "?"]
[Date "1992.??.??"]
[Round "?"]
[White "Hendricks, Marcus"]
[Black "Steverson, Bunnard"]
[Result "1/2-1/2"]
[WhiteElo "1990"]
[BlackElo "1840"]
[PlyCount "47"]
[EventDate "1992.??.??"]

{5/(31)} 1. d4 d5 2. c4 c6 3. Nf3 Bf5 4. Nc3 e6 5. Bf4 Nf6 6. e3 Bb4 7. Qb3 Qa5
8. Rc1 Ne4 9. Be2 Qb6 10. c5 Bxc3+ 11. bxc3 Qxb3 12. axb3 O-O 13. Nh4 Bg6 14.
Nxg6 hxg6 15. f3 Nf6 16. Kf2 Nbd7 17. b4 a6 18. c4 Rfe8 19. b5 axb5 20. cxb5
Ra2 21. bxc6 bxc6 22. Ra1 Rea8 23. Rxa2 Rxa2 24. Rb1 1/2-1/2

[Event "Detroit (MI Op/1b/12)"]
[Site "?"]
[Date "1992.??.??"]
[Round "?"]
[White "Hendricks, Marcus"]
[Black "Proszkow, T."]
[Result "1-0"]
[WhiteElo "1990"]
[BlackElo "1770"]
[PlyCount "73"]
[EventDate "1992.??.??"]

1. d4 e6 2. c4 d5 3. Nc3 Ne7 4. Bf4 Nbc6 5. Nf3 Ng6 6. Bg3 Be7 7. e3 a6 8. Be2
O-O 9. O-O Na5 10. c5 Nc6 11. a3 b6 12. cxb6 cxb6 13. Rc1 Bb7 14. Na4 Rc8 15.
Qb3 b5 16. Nc5 Bxc5 17. Rxc5 Qd7 18. Rfc1 Na5 19. Qb4 Nc6 20. Qd2 f6 21. Ne1
Nge7 22. h3 Rfd8 23. Nd3 Nf5 24. Bh2 Qf7 25. R5c3 e5 26. dxe5 d4 27. exd4 Nfxd4
28. Qe3 Nxe2+ 29. Qxe2 Nd4 30. Qe3 Rxc3 31. Rxc3 Qg6 32. Bg3 Nf5 33. Qb6 Rb8
34. e6 Nxg3 35. Qxb7 Ne2+ 36. Kf1 Qe8 37. Qf7+ 1-0

[Event "Detroit (MI Op/3/14)"]
[Site "?"]
[Date "1992.??.??"]
[Round "?"]
[White "Hendricks, Marcus"]
[Black "Everett, Morgan"]
[Result "0-1"]
[WhiteElo "1990"]
[BlackElo "2120"]
[PlyCount "32"]
[EventDate "1992.??.??"]

{3/(14)} 1. d4 Nf6 2. c4 e6 3. Nc3 c5 4. e3 d5 5. Nf3 Nc6 6. cxd5 exd5 7. Bb5
Bd6 8. Ne5 Qc7 9. Qa4 O-O 10. Nxc6 bxc6 11. Bxc6 cxd4 12. exd4 Rb8 13. h3 Rb4
14. Nxd5 Nxd5 15. Qc2 Qe7+ 16. Kf1 Ba6+ 0-1

[Event "East Lansing (MI Am/2)"]
[Site "?"]
[Date "1992.??.??"]
[Round "?"]
[White "Hencir, Edward"]
[Black "Koernke, R."]
[Result "1-0"]
[WhiteElo "1755"]
[BlackElo "1605"]
[PlyCount "121"]
[EventDate "1992.??.??"]

1. d4 d5 2. e3 e6 3. Nf3 c5 4. Bb5+ Bd7 5. Bxd7+ Qxd7 6. O-O Nc6 7. a3 Nf6 8.
dxc5 Bxc5 9. b4 Bd6 10. Bb2 Qe7 11. Nbd2 O-O 12. c4 b6 13. cxd5 exd5 14. Rc1
Ne5 15. Qb3 Rac8 16. h3 Rfe8 17. Nd4 Qd7 18. N2f3 Nc4 19. Ba1 Ne4 20. Rc2 Be7
21. Rfc1 Bf6 22. Ne2 Bxa1 23. Rxa1 Qf5 24. Ned4 Qf6 25. Rd1 Red8 26. Ne2 b5 27.
Nf4 Qd6 28. Rxd5 Qb6 29. Rxd8+ Rxd8 30. Nd4 Ned2 31. Qa2 a6 32. Rxd2 Nxd2 33.
Qxd2 Qb7 34. Nd3 Qb6 35. Nc5 Rd6 36. Qe2 Rd8 37. Qf3 Qg6 38. Qe4 Qxe4 39. Nxe4
Kf8 40. Nc5 Rd6 41. Kf1 g6 42. Ke2 Ke7 43. f4 Kf6 44. g4 Ke7 45. Kf3 h6 46. h4
Rb6 47. e4 Kf6 48. e5+ Ke7 49. Ke4 Ke8 50. f5 Ke7 51. f6+ Ke8 52. Kd5 Kd8 53.
Nc6+ Kc7 54. Ne7 h5 55. g5 Kd8 56. e6 Ke8 57. exf7+ Kxf7 58. Nc6 Ke8 59. Ne5
Rb8 60. f7+ Ke7 61. Nc6+ 1-0

[Event "East Lansing (MI Am/4)"]
[Site "?"]
[Date "1992.??.??"]
[Round "?"]
[White "Hencir, Edward"]
[Black "Hayes, Tim"]
[Result "0-1"]
[WhiteElo "1755"]
[BlackElo "1605"]
[PlyCount "136"]
[EventDate "1992.??.??"]

1. d4 Nf6 2. e3 d5 3. h3 e6 4. Nf3 c5 5. a3 Bd7 6. Nbd2 a6 7. c4 Bd6 8. cxd5
Nxd5 9. Bc4 cxd4 10. Nxd4 Nf6 11. O-O Nc6 12. N2f3 Rc8 13. Qe2 Qc7 14. Bd3 e5
15. Nxc6 Bxc6 16. e4 h6 17. Bd2 Bc5 18. Rac1 Ba7 19. Rc2 O-O 20. Rfc1 Rfe8 21.
Kh2 Qd7 22. b3 Rcd8 23. Ne1 Qd6 24. Bb4 Qd4 25. Bc3 Qd6 26. a4 Rc8 27. f3 Nh5
28. Bc4 Nf4 29. Qd2 Qxd2 30. Bxd2 Bd7 31. g3 Ne6 32. Bxe6 Bxe6 33. Rxc8 Rxc8
34. Rxc8+ Bxc8 35. b4 Bd7 36. a5 f6 37. Ng2 Kf7 38. Be3 Bd4 39. Bxd4 exd4 40.
Nf4 Bb5 41. Nd5 d3 42. Nc3 d2 43. Kg2 Be2 44. Kf2 d1=Q 45. Nxd1 Bxd1 46. Ke3
Ke6 47. f4 Kd6 48. Kd4 g5 49. h4 gxh4 50. gxh4 Ba4 51. Kc4 Ke6 52. Kc5 Be8 53.
Kc4 Bc6 54. Kd4 Kd6 55. Kd3 Bd7 56. Kd4 Kc6 57. Kc4 Be6+ 58. Kd4 Kb5 59. Kc3
Ka4 60. f5 Bf7 61. Kd4 Kxb4 62. e5 fxe5+ 63. Kxe5 Kxa5 64. Kf6 Be8 65. Ke7 Bh5
66. f6 b5 67. f7 Bxf7 68. Kxf7 b4 0-1